[Event "European Online CC PlayA"]
[Site "Tornelo INT"]
[Date "2021.03.29"]
[Round "1.1"]
[Board "1"]
[White "Artemiev, Vladislav"]
[Black "Grandelius, Nils"]
[Result "1/2-1/2"]
[WhiteTitle "GM"]
[BlackTitle "GM"]
[WhiteElo "2709"]
[BlackElo "2670"]
[WhiteTeam "Ladya Kazan"]
[BlackTeam "Hamburger Schachklub 1830"]
[WhiteFideId "24101605"]
[BlackFideId "1710400"]
[EventDate "2021.03.29"]
[EventType "team"]

1. e4 c5 2. Nf3 d6 3. Nc3 e6 4. Bc4 Nf6 5. O-O Be7 6. d3 O-O 7. Re1 Nc6 8. a3 a6
9. Ba2 b5 10. Ne2 Bb7 11. c3 Ne5 12. Ng3 Rc8 13. Bb1 Nfd7 14. d4 cxd4 15. cxd4
Nxf3+ 16. Qxf3 Bg5 17. Bf4 Bxf4 18. Qxf4 e5 19. Qd2 g6 20. Ba2 Qf6 21. Rad1 Nb6
22. f3 Rfd8 23. Nf1 exd4 24. Qxd4 Qxd4+ 25. Rxd4 Rc2 26. Rd2 Rxd2 27. Nxd2 d5
28. exd5 Bxd5 29. Bxd5 Rxd5 30. Ne4 Kg7 31. Kf2 Nc4 32. Re2 h6 33. Rc2 f5 34.
Nc3 Rd3 35. a4 Nxb2 36. Ke2 f4 37. Rxb2 Rxc3 38. axb5 axb5 39. Rxb5 Rc2+ 40. Kf1
Rc1+ 41. Kf2 Rc2+ 42. Kf1 Rc1+ 43. Kf2 Rc2+ 44. Kf1 1/2-1/2

[Event "European Online CC PlayA"]
[Site "Tornelo INT"]
[Date "2021.03.29"]
[Round "1.1"]
[Board "2"]
[White "Svane, Rasmus"]
[Black "Kamsky, Gata"]
[Result "1-0"]
[WhiteTitle "GM"]
[BlackTitle "GM"]
[WhiteElo "2613"]
[BlackElo "2665"]
[WhiteTeam "Hamburger Schachklub 1830"]
[BlackTeam "Ladya Kazan"]
[WhiteFideId "4657101"]
[BlackFideId "2000024"]
[EventDate "2021.03.29"]
[EventType "team"]

1. d4 d5 2. c4 c6 3. Nf3 Nf6 4. Nbd2 g6 5. b3 Bg7 6. Bb2 O-O 7. e3 Bg4 8. Be2 e6
9. O-O Nbd7 10. h3 Bxf3 11. Bxf3 a5 12. Qc2 Qb8 13. Rfc1 Rd8 14. a3 Ne8 15. e4
dxe4 16. Nxe4 Nef6 17. Ng3 Ne8 18. Re1 Nd6 19. Rad1 Qa7 20. h4 Rac8 21. h5 Nf6
22. Bc1 b5 23. c5 Nde8 24. Bf4 Nd5 25. Be5 Nef6 26. Qc1 Qe7 27. Qd2 Qa7 28. h6
Bf8 29. Bxd5 Nxd5 30. Ne4 f5 31. Nd6 Ra8 32. Re2 Qe7 33. Rde1 Qh4 34. Bg7 Bxg7
35. hxg7 Nf4 36. Re3 Qg5 37. g3 Nd5 38. Qd3 Nxe3 39. Rxe3 Qe7 40. Qe2 Qxg7 41.
Rxe6 Ra7 42. Re8+ Rxe8 43. Qxe8+ Qf8 44. Qxc6 b4 45. axb4 axb4 46. Qd5+ Kg7 47.
Qe5+ Kh6 48. Qf4+ Kg7 49. Qe5+ Kh6 50. c6 Ra1+ 51. Kg2 Ra7 52. d5 Qd8 53. Qe3+ 1-0

[Event "European Online CC PlayA"]
[Site "Tornelo INT"]
[Date "2021.03.29"]
[Round "1.2"]
[Board "1"]
[White "Amin, Bassem"]
[Black "Mikhalevski, Victor"]
[Result "1-0"]
[WhiteTitle "GM"]
[BlackTitle "GM"]
[WhiteElo "2695"]
[BlackElo "2552"]
[WhiteTeam "Clichy Echecs 92"]
[BlackTeam "Beer Sheva Chess Club"]
[WhiteFideId "10601457"]
[BlackFideId "2801914"]
[EventDate "2021.03.29"]
[EventType "team"]

1. e4 e5 2. Nf3 Nc6 3. Bc4 Bc5 4. O-O Nf6 5. d3 d6 6. c3 h6 7. Re1 O-O 8. Nbd2
a5 9. Nf1 Ne7 10. Ng3 Ng6 11. h3 c6 12. Bb3 d5 13. exd5 Nxd5 14. Nxe5 Nxe5 15.
d4 Nd7 16. Bxd5 cxd5 17. dxc5 Nxc5 18. Bf4 Be6 19. Qd4 Qh4 20. Qxc5 Qxf4 21.
Rad1 Rfc8 22. Qd4 Qxd4 23. Rxd4 Rc4 24. Rxc4 dxc4 25. Re5 Bd7 26. Ne2 Re8 27.
Rxe8+ Bxe8 28. f3 Kf8 29. Kf2 Ke7 30. Ke3 Kd6 31. Kd4 b5 32. a4 bxa4 33. Ng3 Bd7
34. Ne4+ Kc6 35. Kxc4 Be6+ 36. Kd4 Bb3 37. h4 Bd1 38. c4 Bc2 39. Ng3 Bg6 40. Ne2
Bc2 41. Nf4 g5 42. hxg5 hxg5 43. Nh3 f6 44. Nf2 f5 45. g3 Kd6 46. f4 gxf4 47.
gxf4 Kc6 48. Nh1 Bd1 49. Ng3 Bg4 50. Nf1 Bf3 51. Ne3 Be4 52. Nd5 Kd6 53. Nc3 Bc2
54. Nd5 Be4 55. Nf6 Bc2 56. Nh5 Be4 57. Ng3 Bc2 58. Nf1 Bb1 59. Nd2 Bc2 60. c5+
Kc6 61. Nc4 Be4 62. Nxa5+ Kb5 63. Nc4 Kb4 64. Nd6 Ba8 65. Nxf5 Kb3 66. Ne3 Kxb2
67. f5 Bc6 68. Nc4+ Kc2 69. f6 Be8 70. c6 1-0

[Event "European Online CC PlayA"]
[Site "Tornelo INT"]
[Date "2021.03.29"]
[Round "1.2"]
[Board "2"]
[White "Postny, Evgeny"]
[Black "Van Wely, Loek"]
[Result "0-1"]
[WhiteTitle "GM"]
[BlackTitle "GM"]
[WhiteElo "2605"]
[BlackElo "2620"]
[WhiteTeam "Beer Sheva Chess Club"]
[BlackTeam "Clichy Echecs 92"]
[WhiteFideId "2804344"]
[BlackFideId "1000268"]
[EventDate "2021.03.29"]
[EventType "team"]

1. d4 d5 2. c4 c6 3. Nf3 Nf6 4. Qc2 dxc4 5. Qxc4 Bg4 6. Nbd2 Nbd7 7. g3 e6 8.
Bg2 Be7 9. O-O O-O 10. b3 Rc8 11. Bb2 b5 12. Qc2 c5 13. Rfc1 Qb6 14. e3 Rfd8 15.
a4 a6 16. axb5 axb5 17. h3 Bh5 18. Qd3 c4 19. Qe2 cxb3 20. Nxb3 Ne4 21. g4 Bg6
22. Bf1 b4 23. Qb5 Nc3 24. Qxb6 Nxb6 25. Ne5 Be4 26. Ra7 Kf8 27. Rca1 f6 28. Nd3
Nc4 29. Bxc3 bxc3 30. Ndc5 Bxc5 31. Nxc5 Rxc5 32. dxc5 Nd2 33. Bg2 c2 34. R7a3
Nb3 35. Bxe4 Nxa1 36. Bxc2 Nxc2 37. Ra6 e5 38. Kg2 Rc8 39. Ra5 Nb4 0-1

[Event "European Online CC PlayA"]
[Site "Tornelo INT"]
[Date "2021.03.29"]
[Round "1.3"]
[Board "1"]
[White "Bartel, Mateusz"]
[Black "Banusz, Tamas"]
[Result "1-0"]
[WhiteTitle "GM"]
[BlackTitle "GM"]
[WhiteElo "2635"]
[BlackElo "2631"]
[WhiteTeam "Klub Szachowy Polonia Wroclaw"]
[BlackTeam "SV 1930 Hockenheim"]
[WhiteFideId "1112635"]
[BlackFideId "722413"]
[EventDate "2021.03.29"]
[EventType "team"]

1. e4 e5 2. Nf3 Nc6 3. Bb5 a6 4. Ba4 Nf6 5. d3 d6 6. c3 g6 7. h3 Bg7 8. Be3 O-O
9. Nbd2 Re8 10. O-O b5 11. Bc2 h6 12. b4 d5 13. Nb3 g5 14. Nh2 Ne7 15. Ng4 Ng6
16. Nxf6+ Bxf6 17. Nc5 d4 18. cxd4 exd4 19. Bd2 Be5 20. Qh5 Bg7 21. Bb3 Qf6 22.
f4 gxf4 23. Qf3 Be6 24. Nxe6 fxe6 25. Rac1 Rac8 26. Bxf4 Nxf4 27. Qxf4 Qxf4 28.
Rxf4 Be5 29. Rg4+ Kf7 30. Rf1+ Ke7 31. Rg6 Kd6 32. Rxh6 a5 33. a4 axb4 34. axb5
Rb8 35. Bc4 Ra8 36. Rb1 Bf4 37. Rf6 Bd2 38. Kh2 Ke5 39. Rf7 Rg8 40. Rxc7 Raf8
41. Rc5+ Kf4 42. Bxe6 Rg6 43. Rf5+ Ke3 44. Rxf8 Rxe6 45. Rf3+ Ke2 46. Rb2 Rb6
47. Kg1 1-0

[Event "European Online CC PlayA"]
[Site "Tornelo INT"]
[Date "2021.03.29"]
[Round "1.3"]
[Board "2"]
[White "Braun, Arik"]
[Black "Gumularz, Szymon"]
[Result "0-1"]
[WhiteTitle "GM"]
[BlackTitle "IM"]
[WhiteElo "2609"]
[BlackElo "2517"]
[WhiteTeam "SV 1930 Hockenheim"]
[BlackTeam "Klub Szachowy Polonia Wroclaw"]
[WhiteFideId "4663527"]
[BlackFideId "1188062"]
[EventDate "2021.03.29"]
[EventType "team"]

1. d4 Nf6 2. c4 e6 3. Nc3 Bb4 4. Qc2 O-O 5. a3 Bxc3+ 6. Qxc3 d6 7. Bg5 h6 8. Bh4
Nbd7 9. f3 d5 10. e3 Re8 11. Nh3 b6 12. cxd5 exd5 13. Bb5 Qe7 14. Bf2 c5 15. O-O
Bb7 16. Rac1 Rac8 17. Bd3 Nf8 18. Nf4 Ne6 19. Nxe6 Qxe6 20. Rfe1 Re7 21. Bb1 Ba6
22. Qd2 Rec7 23. Rc3 Ne8 24. Qc2 g6 25. e4 cxd4 26. Rxc7 Nxc7 27. Qd2 Kh7 28.
Bxd4 Rd8 29. h4 Nb5 30. Bf2 d4 31. Bd3 Nc7 32. Rc1 Bxd3 33. Rxc7 Bb5 34. Qf4 Rd7
35. Rc8 d3 36. Be3 g5 37. hxg5 d2 38. Bxd2 Rxd2 39. Rf8 Rd1+ 40. Kh2 Kg7 41. Ra8
Rd7 42. g4 Qd6 43. gxh6+ Qxh6+ 44. Qxh6+ Kxh6 45. Kg3 Bc6 46. Rc8 Bb7 47. Rb8 f6
48. Kf4 Kg6 49. Rg8+ Kf7 50. Rh8 Ke6 51. Re8+ Re7 52. Rh8 Rc7 53. Rh6 Rf7 54.
Rh8 Rd7 55. Rh6 Rf7 56. Rh8 Ba6 57. Ke3 Rd7 58. Ra8 Rd3+ 59. Kf4 Rb3 60. Re8+
Kf7 61. Rh8 Be2 62. Rh3 Ke6 63. Rg3 a5 64. Rh3 a4 65. e5 fxe5+ 66. Ke4 Bd3+ 67.
Ke3 Bf1+ 0-1

[Event "European Online CC PlayA"]
[Site "Tornelo INT"]
[Date "2021.03.29"]
[Round "1.3"]
[Board "3"]
[White "Mastrovasilis, Dimitrios"]
[Black "Wagner, Dennis"]
[Result "0-1"]
[WhiteTitle "GM"]
[BlackTitle "GM"]
[WhiteElo "2609"]
[BlackElo "2581"]
[WhiteTeam "Klub Szachowy Polonia Wroclaw"]
[BlackTeam "SV 1930 Hockenheim"]
[WhiteFideId "4202694"]
[BlackFideId "24650684"]
[EventDate "2021.03.29"]
[EventType "team"]

1. e4 e5 2. Nc3 Nf6 3. d4 exd4 4. Qxd4 Nc6 5. Qd3 Bb4 6. Bd2 O-O 7. O-O-O Re8 8.
Nge2 d6 9. h3 Qe7 10. Bg5 Ne5 11. Qg3 c6 12. h4 Nh5 13. Qh2 f6 14. Bd2 Ng4 15.
Qg1 Bc5 16. Be1 d5 17. exd5 Bf5 18. d6 Qe5 19. d7 Red8 20. Rh3 b5 21. Rf3 Rxd7
22. Rxd7 Bxd7 23. Bd2 Rd8 24. g3 Be6 25. Bh3 b4 26. Na4 Qxe2 27. Qe1 Qxe1+ 28.
Bxe1 Bf8 29. Re3 Rd1+ 30. Kxd1 Nxe3+ 31. fxe3 Bxh3 0-1

[Event "European Online CC PlayA"]
[Site "Tornelo INT"]
[Date "2021.03.29"]
[Round "2.1"]
[Board "1"]
[White "Grandelius, Nils"]
[Black "Banusz, Tamas"]
[Result "1/2-1/2"]
[WhiteTitle "GM"]
[BlackTitle "GM"]
[WhiteElo "2670"]
[BlackElo "2631"]
[WhiteTeam "Hamburger Schachklub 1830"]
[BlackTeam "SV 1930 Hockenheim"]
[WhiteFideId "1710400"]
[BlackFideId "722413"]
[EventDate "2021.03.29"]
[EventType "team"]

1. e4 e5 2. Nf3 Nc6 3. Bb5 a6 4. Ba4 Nf6 5. O-O Be7 6. d3 d6 7. c3 O-O 8. Re1
Re8 9. Nbd2 Bf8 10. Nf1 h6 11. d4 b5 12. Bc2 Bg4 13. d5 Ne7 14. h3 Bd7 15. b3 c5
16. Be3 g6 17. Qd2 Kh7 18. g4 Nfg8 19. Ng3 Bg7 20. Nh2 Nc8 21. Kg2 Nb6 22. Rf1
Qe7 23. Rae1 a5 24. Re2 a4 25. f4 axb3 26. axb3 exf4 27. Bxf4 Ra2 28. Nf3 b4 29.
e5 bxc3 30. Bxg6+ fxg6 31. Qxa2 Nxd5 32. Re4 Nxf4+ 33. Rxf4 Bc6 34. Kg1 dxe5 35.
Rf7 Qe6 36. Qa7 Re7 37. Rxe7 Nxe7 38. Qxc5 e4 39. Nd4 Qd7 40. Nge2 Kg8 41. Nxc6
Nxc6 42. Qc4+ Kh8 43. Qxe4 Qd2 44. Nf4 Ne5 45. Nxg6+ Nxg6 46. Qxg6 c2 47. Qe8+
Kh7 48. Qe4+ Kh8 49. Qa8+ Kh7 50. Qe4+ Kh8 51. Qe8+ Kh7 52. Qe4+ 1/2-1/2

[Event "European Online CC PlayA"]
[Site "Tornelo INT"]
[Date "2021.03.29"]
[Round "2.1"]
[Board "2"]
[White "Braun, Arik"]
[Black "Svane, Rasmus"]
[Result "1/2-1/2"]
[WhiteTitle "GM"]
[BlackTitle "GM"]
[WhiteElo "2609"]
[BlackElo "2613"]
[WhiteTeam "SV 1930 Hockenheim"]
[BlackTeam "Hamburger Schachklub 1830"]
[WhiteFideId "4663527"]
[BlackFideId "4657101"]
[EventDate "2021.03.29"]
[EventType "team"]

1. d4 Nf6 2. c4 e6 3. Nc3 Bb4 4. Qc2 d5 5. cxd5 exd5 6. Bg5 h6 7. Bh4 Nc6 8. e3
g5 9. Bg3 h5 10. Bb5 h4 11. Be5 O-O 12. Bxc6 bxc6 13. h3 Ne4 14. Ne2 Ba6 15. O-O
Bxc3 16. bxc3 f6 17. Bh2 Qe7 18. Rfe1 Rfe8 19. Nc1 Nd6 20. Nb3 Qe4 21. Qd1 Bc4
22. Nc5 Qf5 23. f3 Rab8 24. Qd2 Kg7 25. Rac1 a5 26. Rc2 Bb5 27. Qc1 Bd3 28. Rb2
Rxb2 29. Qxb2 Bb5 30. a4 Bc4 31. Kh1 Qg6 32. Kg1 Re7 33. Qb8 Qc2 34. Bxd6 Qxc3
35. Ne6+ Kh7 36. Qf8 Qxe1+ 37. Kh2 Rxe6 38. Qf7+ Kh8 39. Qf8+ Kh7 40. Qf7+ Kh8
41. Qf8+ Kh7 1/2-1/2

[Event "European Online CC PlayA"]
[Site "Tornelo INT"]
[Date "2021.03.29"]
[Round "2.1"]
[Board "4"]
[White "Buhmann, Rainer"]
[Black "Kramer, Julian"]
[Result "0-1"]
[WhiteTitle "GM"]
[BlackTitle "FM"]
[WhiteElo "2580"]
[BlackElo "2419"]
[WhiteTeam "SV 1930 Hockenheim"]
[BlackTeam "Hamburger Schachklub 1830"]
[WhiteFideId "4651340"]
[BlackFideId "12921742"]
[EventDate "2021.03.29"]
[EventType "team"]

1. d4 Nf6 2. Nf3 g6 3. c4 Bg7 4. e3 O-O 5. Be2 d5 6. cxd5 Nxd5 7. e4 Nb6 8. O-O
Bg4 9. Nbd2 Nc6 10. d5 Ne5 11. Nxe5 Bxe2 12. Qxe2 Bxe5 13. a4 a5 14. Rd1 Qd7 15.
Nf3 Bg7 16. Bf4 Nxa4 17. e5 Nc5 18. Rac1 b6 19. Be3 Na6 20. h3 Nb4 21. Qc4 Rad8
22. Qh4 Nxd5 23. e6 fxe6 24. Ng5 h6 25. Nf3 Rxf3 26. gxf3 Kh7 27. Qe4 Rf8 28. b3
c5 29. Rd3 Rf5 30. Rcd1 Re5 31. Qg4 Qe8 32. Kh1 Qf7 33. Rg1 Rf5 34. f4 Rh5 35.
Bc1 Rf5 36. Rdg3 Nxf4 37. Qd1 g5 38. Qc2 Ng6 39. f4 Bd4 40. R1g2 Nxf4 41. Bxf4
gxf4 42. Rg6 f3 43. R2g5 0-1

[Event "European Online CC PlayA"]
[Site "Tornelo INT"]
[Date "2021.03.29"]
[Round "2.2"]
[Board "1"]
[White "Mikhalevski, Victor"]
[Black "Bartel, Mateusz"]
[Result "0-1"]
[WhiteTitle "GM"]
[BlackTitle "GM"]
[WhiteElo "2552"]
[BlackElo "2635"]
[WhiteTeam "Beer Sheva Chess Club"]
[BlackTeam "Klub Szachowy Polonia Wroclaw"]
[WhiteFideId "2801914"]
[BlackFideId "1112635"]
[EventDate "2021.03.29"]
[EventType "team"]

1. d4 e6 2. c4 b6 3. e4 Bb7 4. Qc2 Nc6 5. Nf3 e5 6. dxe5 Bb4+ 7. Nc3 Nge7 8. Bf4
O-O 9. O-O-O Ng6 10. Bg3 Re8 11. Nd5 Rc8 12. h4 Bf8 13. Qc3 d6 14. exd6 cxd6 15.
h5 Nge5 16. Kb1 h6 17. b3 b5 18. Bh4 Qd7 19. cxb5 Nb8 20. Qd4 Bxd5 21. Qxd5 Qc7
22. Bd3 Nxd3 23. Qxd3 Nd7 24. Rc1 Nc5 25. Qd5 Qb8 26. Nd4 Nxe4 27. Nc6 Qb6 28.
Rhe1 Nc3+ 29. Rxc3 Rxe1+ 30. Kc2 Rce8 31. b4 a6 32. a4 axb5 33. a5 Qb7 34. Kb3
R1e5 35. Qf3 Re4 36. Bg3 Qd7 37. Qd3 Qe6+ 38. Ka3 Re1 39. Rb3 Ra1+ 40. Kb2 Qe1
41. Rc3 Re2+ 42. Kb3 Rd2 0-1

[Event "European Online CC PlayA"]
[Site "Tornelo INT"]
[Date "2021.03.29"]
[Round "2.2"]
[Board "2"]
[White "Gumularz, Szymon"]
[Black "Postny, Evgeny"]
[Result "1-0"]
[WhiteTitle "IM"]
[BlackTitle "GM"]
[WhiteElo "2517"]
[BlackElo "2605"]
[WhiteTeam "Klub Szachowy Polonia Wroclaw"]
[BlackTeam "Beer Sheva Chess Club"]
[WhiteFideId "1188062"]
[BlackFideId "2804344"]
[EventDate "2021.03.29"]
[EventType "team"]

1. e4 e5 2. Nf3 Nc6 3. Bb5 a6 4. Ba4 Nf6 5. O-O Be7 6. Re1 b5 7. Bb3 d6 8. c3
O-O 9. h3 Nb8 10. d4 Nbd7 11. Nbd2 Bb7 12. Bc2 c5 13. d5 c4 14. b3 cxb3 15. axb3
Qc7 16. Nb1 Rfb8 17. Bd2 Nb6 18. Na3 Nfd7 19. Rc1 Qd8 20. b4 Rc8 21. Bd3 Nc4 22.
Nxc4 bxc4 23. Bf1 f5 24. exf5 Bxd5 25. Be3 Nf6 26. Ra1 Qd7 27. g4 Qb7 28. Nd2
Ne4 29. Nxe4 Bxe4 30. Qd2 d5 31. f4 exf4 32. Bxf4 Bf6 33. g5 Bd8 34. Bg2 Bb6+
35. Kh2 Re8 36. Rad1 Rad8 37. Bxe4 dxe4 38. Qe2 Rd3 39. g6 hxg6 40. fxg6 Bc7 41.
Qg4 Qc8 42. Rxd3 Qxg4 43. hxg4 Bxf4+ 44. Rg3 Re6 45. Kg2 Bxg3 46. Kxg3 Kf8 47.
Kf4 Rf6+ 48. Ke5 Rf3 49. Kd4 Ke7 50. Rxe4+ Kf6 51. Kxc4 Kxg6 52. Re6+ Kg5 53.
Rxa6 Rf4+ 54. Kd5 Rxg4 55. b5 Rg3 56. c4 Rb3 57. b6 Kf4 58. c5 g5 59. c6 g4 60.
c7 1-0

[Event "European Online CC PlayA"]
[Site "Tornelo INT"]
[Date "2021.03.29"]
[Round "2.2"]
[Board "3"]
[White "Steinberg, Nitzan"]
[Black "Mastrovasilis, Dimitrios"]
[Result "0-1"]
[WhiteTitle "GM"]
[BlackTitle "GM"]
[WhiteElo "2553"]
[BlackElo "2609"]
[WhiteTeam "Beer Sheva Chess Club"]
[BlackTeam "Klub Szachowy Polonia Wroclaw"]
[WhiteFideId "2801795"]
[BlackFideId "4202694"]
[EventDate "2021.03.29"]
[EventType "team"]

1. e4 e5 2. Nf3 Nc6 3. Bb5 Bc5 4. O-O Nd4 5. Nxd4 Bxd4 6. c3 Bb6 7. d4 c6 8. Bc4
d6 9. dxe5 dxe5 10. Qxd8+ Bxd8 11. Be3 Bb6 12. Bxb6 axb6 13. Nd2 Ke7 14. f4 b5
15. Bb3 exf4 16. Rxf4 Be6 17. Raf1 Nh6 18. Bxe6 fxe6 19. a3 Rhf8 20. Nb3 Rxf4
21. Rxf4 Rd8 22. Na5 Rd7 23. c4 bxc4 24. Nxc4 g5 25. Rf3 Ng4 26. h3 Rd4 27. Na5
Ne5 28. Rg3 b6 29. Rxg5 Rd1+ 30. Kh2 Kf6 31. Rh5 bxa5 32. Rxh7 Rb1 33. Rh6+ Ke7
34. Rh7+ Nf7 35. g4 Rxb2+ 36. Kg3 Kf6 37. Kh4 Rb3 38. Rh5 Rxa3 39. Rc5 a4 40.
Rxc6 Ne5 41. g5+ Ke7 42. Ra6 Ra1 43. Ra5 Nc4 44. Ra7+ Kd6 45. g6 a3 46. Kh5 Rg1
47. h4 Kc5 48. Kh6 Kb6 49. Ra8 Na5 50. Rb8+ Nb7 51. Ra8 Na5 52. Rb8+ Ka7 53. Rb4
a2 54. Ra4 a1=Q 55. Rxa1 Rxa1 56. g7 Rg1 57. Kh7 Rh1 58. h5 Rxh5+ 59. Kg6 Rh1
60. g8=Q Rg1+ 61. Kf7 Rxg8 62. Kxg8 e5 63. Kf7 Kb6 64. Ke6 Nc4 0-1

[Event "European Online CC PlayA"]
[Site "Tornelo INT"]
[Date "2021.03.29"]
[Round "3.1"]
[Board "1"]
[White "Maghsoodloo, Parham"]
[Black "Grandelius, Nils"]
[Result "0-1"]
[WhiteTitle "GM"]
[BlackTitle "GM"]
[WhiteElo "2676"]
[BlackElo "2670"]
[WhiteTeam "Clichy Echecs 92"]
[BlackTeam "Hamburger Schachklub 1830"]
[WhiteFideId "12539929"]
[BlackFideId "1710400"]
[EventDate "2021.03.29"]
[EventType "team"]

1. e4 c6 2. d4 d5 3. f3 g6 4. Nc3 Bg7 5. Be3 dxe4 6. fxe4 Nf6 7. Nf3 Ng4 8. Bg1
e5 9. d5 O-O 10. Bc4 Nd7 11. dxc6 bxc6 12. h3 Ngf6 13. Qd6 Nb6 14. Qxd8 Rxd8 15.
Bb3 Be6 16. Bxe6 fxe6 17. b3 Nh5 18. Bh2 Nf4 19. Kf2 c5 20. Rhd1 c4 21. Ne2 h6
22. h4 Nd7 23. b4 Nf6 24. Nc3 Ng4+ 25. Kg3 Ne3 26. Rxd8+ Rxd8 27. Rc1 Nh5+ 28.
Kf2 Ng4+ 29. Ke1 Bf8 30. a3 a5 31. bxa5 Bxa3 32. Rb1 Bc5 33. Rb5 Bd4 34. Nd1
Nxh2 35. Nxh2 Ng3 36. c3 Ba7 37. Rxe5 Kf7 38. Rb5 Bb8 39. e5 Ne4 40. Nf3 Rxd1+
41. Kxd1 Nxc3+ 42. Kd2 Nxb5 43. Ke3 Ba7+ 44. Ke2 Nd4+ 45. Kd2 Nxf3+ 46. gxf3 Bd4 0-1

[Event "European Online CC PlayA"]
[Site "Tornelo INT"]
[Date "2021.03.29"]
[Round "3.1"]
[Board "2"]
[White "Svane, Rasmus"]
[Black "Amin, Bassem"]
[Result "0-1"]
[WhiteTitle "GM"]
[BlackTitle "GM"]
[WhiteElo "2613"]
[BlackElo "2695"]
[WhiteTeam "Hamburger Schachklub 1830"]
[BlackTeam "Clichy Echecs 92"]
[WhiteFideId "4657101"]
[BlackFideId "10601457"]
[EventDate "2021.03.29"]
[EventType "team"]

1. Nf3 Nf6 2. g3 g6 3. Bg2 Bg7 4. O-O O-O 5. d4 c6 6. c4 d6 7. Nc3 Nbd7 8. e4 e5
9. Re1 exd4 10. Nxd4 Ng4 11. Nb3 Nb6 12. c5 dxc5 13. Nxc5 Bd4 14. Nd3 Nc4 15.
Ne2 Bb6 16. h3 Nge5 17. Nxe5 Nxe5 18. Nc3 Nd3 19. Re2 Nxc1 20. Qxc1 Be6 21. Qf4
f6 22. Rd1 Qc7 23. Qf3 Rad8 24. Rxd8 Qxd8 25. h4 Qd4 26. Kh2 Kg7 27. b3 h5 28.
Bh3 Bg4 29. Bxg4 hxg4 30. Qxg4 Qxc3 31. h5 g5 32. e5 Kh8 33. Qf5 Qc5 34. Qg6 Qe7
35. e6 Re8 36. Qh6+ Kg8 37. Qg6+ Kf8 38. h6 Bd4 39. b4 f5 40. Qxf5+ Qf6 41. e7+
Rxe7 42. Qc8+ Kf7 43. Rxe7+ Kxe7 44. Qxb7+ Kd6 45. h7 Qxf2+ 46. Kh3 Qf5+ 47. Kg2
g4 48. Qb8+ Kd7 49. Qb7+ Kd6 50. Qb8+ Ke7 51. Qc7+ Qd7 52. Qf4 Qd5+ 53. Kf1 Qc4+
54. Ke1 Bc3+ 55. Kf2 Qxf4+ 56. gxf4 Kf7 57. Kg3 Kg7 58. a3 Kxh7 59. Kxg4 Kg6 60.
f5+ Kf6 61. Kf4 Bb2 62. a4 Bc3 63. b5 cxb5 64. axb5 Ba5 65. Ke4 Bc7 0-1

[Event "European Online CC PlayA"]
[Site "Tornelo INT"]
[Date "2021.03.29"]
[Round "3.1"]
[Board "3"]
[White "Van Wely, Loek"]
[Black "Heinemann, Thies"]
[Result "0-1"]
[WhiteTitle "GM"]
[BlackTitle "GM"]
[WhiteElo "2620"]
[BlackElo "2502"]
[WhiteTeam "Clichy Echecs 92"]
[BlackTeam "Hamburger Schachklub 1830"]
[WhiteFideId "1000268"]
[BlackFideId "4601556"]
[EventDate "2021.03.29"]
[EventType "team"]

1. d4 Nf6 2. c4 e6 3. Nf3 b6 4. a3 Ba6 5. Qc2 Bb7 6. Nc3 c5 7. e4 cxd4 8. Nxd4
Bc5 9. Nb3 Nc6 10. Bg5 Nd4 11. Nxd4 Bxd4 12. Nb5 Be5 13. f4 Bb8 14. e5 h6 15.
exf6 hxg5 16. fxg7 Rg8 17. Qh7 Ke7 18. fxg5 Be5 19. O-O-O Rxg7 20. Qh4 Qh8 21.
Qf2 Bc6 22. Qe3 Rh7 23. Nd4 Rxh2 24. Rxh2 Qxh2 25. Nxc6+ dxc6 26. Kb1 Qf4 27.
Qd3 Qxg5 28. Qd7+ Kf8 29. Qxc6 Rd8 30. Qf3 Rd2 31. Rxd2 Qxd2 32. Qe2 Qd4 33. Ka2
Ke7 34. Qc2 f5 35. Be2 Kf6 36. Bf3 Kg5 37. Bb7 Bf6 38. Bc8 Qe5 39. Qd2+ Kg6 40.
Qc2 Kf7 41. Qd2 Kf8 42. Qc2 Ke7 43. Bb7 Qd4 44. Bf3 Bg7 45. Bb7 Kf6 46. Bf3 e5
47. Bd5 e4 48. g4 fxg4 49. Qxe4 Qxe4 50. Bxe4 Ke5 51. Bh1 Kd4 52. Kb3 Bf8 53.
Bb7 g3 54. Bh1 Kd3 55. Bb7 Bg7 56. Bh1 Bd4 57. Bb7 Kd2 58. Bh1 Kc1 59. c5 bxc5
60. Kc4 Bxb2 61. a4 Bd4 62. a5 Kd2 63. Kb5 Ke3 64. a6 Kf2 0-1

[Event "European Online CC PlayA"]
[Site "Tornelo INT"]
[Date "2021.03.29"]
[Round "3.1"]
[Board "4"]
[White "Kramer, Julian"]
[Black "Hamdouchi, Hicham"]
[Result "1/2-1/2"]
[WhiteTitle "FM"]
[BlackTitle "GM"]
[WhiteElo "2419"]
[BlackElo "2561"]
[WhiteTeam "Hamburger Schachklub 1830"]
[BlackTeam "Clichy Echecs 92"]
[WhiteFideId "12921742"]
[BlackFideId "9000011"]
[EventDate "2021.03.29"]
[EventType "team"]

1. e4 c5 2. Nf3 Nc6 3. Bb5 g6 4. O-O Bg7 5. Re1 Nf6 6. c3 O-O 7. d4 d5 8. e5 Ne4
9. Bxc6 bxc6 10. Be3 c4 11. Nbd2 Bg4 12. h3 Nxd2 13. hxg4 Nxf3+ 14. gxf3 Rb8 15.
b3 Qa5 16. b4 Qa3 17. Qc2 Qa6 18. Kg2 Qc8 19. Bf4 Ra8 20. Rab1 Qe6 21. Rh1 f6
22. Rbe1 a5 23. a3 axb4 24. axb4 fxe5 25. Bxe5 Qf7 26. Rh3 Bxe5 27. Rxe5 Ra3 28.
Qd2 e6 29. Qe3 Re8 30. f4 Raa8 31. Rf3 Rad8 32. f5 exf5 33. gxf5 gxf5 34. Rg3+
Kh8 35. Qf4 Rf8 36. Rg5 Rg8 37. Kf3 Rxg5 38. Qxg5 Rf8 39. Re7 Qf6 40. Qxf6+ Rxf6
41. Kf4 Rh6 42. Kxf5 Rh3 43. f4 Kg8 44. Rc7 Rxc3 45. Kf6 h5 46. Rc8+ Kh7 47.
Rc7+ Kg8 48. Kg6 Kf8 49. Kxh5 Rb3 50. Kg6 c3 51. Rxc6 Ke7 52. f5 Rxb4 53. f6+
Kd7 54. Rxc3 Rxd4 55. Rg3 Rf4 56. Kg7 Ke6 57. Re3+ Kd6 58. f7 d4 59. Re4 Rxf7+
60. Kxf7 Kd5 61. Re8 d3 62. Kf6 Kd4 63. Kf5 d2 64. Kf4 Kc3 65. Rc8+ Kd3 66. Rd8+
Ke2 67. Rxd2+ Kxd2 1/2-1/2